000 00657cab a2200217 4500
001 WB2307-36
008 090401t1987 xxu||||| |||| 00| 0 eng d
035 _a(Sirsi) u13338
041 _aeng
245 _aClients` money
260 _c1987
350 _a0
490 _aEstates Gazette
_vvol 281 no 6320, 7/2/87 p545
520 _aBrief guidance on the duties of estate agents with regard to the handling of deposits .
650 _aCLIENTS ACCOUNTS
650 _aESTATE AGENTS ACCOUNTS REGULATIONS 1981
650 _aESTATE AGENTS ACT 1979
690 _aMANAGEMENT-BUSINESS MANAGEMENT-PROFESSIONAL PRACTICE
942 _n0
948 _c04/03/1997
999 _c8597
_d8597